000 00722nam a22002177a 4500
003 UA-OsUOA
001 47843
007 ta
008 20121010b un ||||| |||| 00| 0 ukr d
090 _a017
_bК43
942 _cBK
040 _aUA-OsUOA
_bukr
_cUA-OsUOA
_dUA-OsUOA
245 _aКириличні рукописні книги у фондах Львівської наукової бібліотеки ім. В. Стефаника НАН України
_bкаталог
_nТ. 1
300 _a522 с., 24 кол. іл. с.
955 _a1
041 _aukr
080 _a017
260 _aЛьвів
_c2007
650 7 _a01 Бібліографія і бібліографії. Каталоги
_2UDC
999 _c427943
_d427943